| 000 | 00856nam a2200289Ia 4500 | ||
|---|---|---|---|
| 003 | OSt | ||
| 005 | 20220912151319.0 | ||
| 006 | a|||||r|||| 00| 0 | ||
| 007 | ta | ||
| 008 | 220909b |||||||| |||| 00| 0 eng d | ||
| 020 | _a0195676033 (hbd) | ||
| 024 | _a15736 | ||
| 037 | _b1206/2005-06, 01/09/2005, Educational Book Agency (India) | ||
| 037 | _cTextual | ||
| 040 |
_aCSL _beng _cCSL |
||
| 041 | _aeng | ||
| 082 | _aE:3, P4-;1 | ||
| 100 | _aHigson Seamus P J | ||
| 245 | 0 | _aAnalytical chemistry | |
| 260 |
_aNew York _b Oxford University Press _c2004 |
||
| 300 |
_aix,453p. _ccm. |
||
| 500 |
_aIndex 449-453p. _ccm. |
||
| 650 | _a Analytical chemistry | ||
| 650 | _aChemistry | ||
| 942 |
_hE:3, P4-;1 _cTEXL _2CC |
||
| 999 |
_c65816 _d65816 |
||